书目信息 |
| 题名: |
毽球·马术
|
|
| 作者: | 张炜 , 李晓玲 编著 | |
| 分册: | ||
| 出版信息: | 银川 宁夏人民出版社 2011 |
|
| 页数: | 452页 | |
| 开本: | 21cm | |
| 丛书名: | 全国少数民族传统体育运动会竞赛项目教学训练丛书 | |
| 单 册: | ||
| 中图分类: | G849.9 , G882.2 , G849 | |
| 科图分类: | ||
| 主题词: | 马术运动--基本知识--中国 , 毽球运动--基本知识--中国 , 球类运动 | |
| 电子资源: | ||
| ISBN: | 978-7-227-04801-5 | |
| 000 | 01171nam0 2200337 450 | |
| 001 | 1557338883 | |
| 005 | 20150706155703.51 | |
| 010 | @a978-7-227-04801-5@dCNY32.00 | |
| 090 | @aG849.9@bzw | |
| 096 | @aG849.9@bzw | |
| 100 | @a20111231d2011 em y0chiy50 ea | |
| 101 | 0 | @achi |
| 102 | @aCN@b640000 | |
| 105 | @aa z 000yy | |
| 106 | @ar | |
| 200 | 1 | @a毽球·马术@b专著@f张炜,李晓玲编著@Ajian qiu · ma shu |
| 210 | @a银川@c宁夏人民出版社@d2011 | |
| 215 | @a452页@c照片,图@d21cm | |
| 225 | 1 | @a全国少数民族传统体育运动会竞赛项目教学训练丛书@f马汉文主编 |
| 300 | @a宁夏大学优秀学术著作出版基金资助 宁夏大学“211工程”建设项目资助 | |
| 330 | @a本书分为毽球和马术两部分,介绍了毽球运动发展概述、毽球运动基本技术、网毽运动技术、花毽运动技术、马术运动概述、民族体育运动会中的马术运动等内容。 | |
| 606 | 0 | @a马术运动@x基本知识@y中国 |
| 606 | 0 | @a毽球运动@x基本知识@y中国 |
| 606 | 0 | @a球类运动 |
| 690 | @aG849.9@v4 | |
| 690 | @aG882.2@v4 | |
| 690 | @aG849@v4 | |
| 701 | 0 | @a张炜@4编著@Azhang wei |
| 701 | 0 | @a李晓玲@4编著@Ali xiao ling |
| 801 | 0 | @aCN@b大连网信软件有限公司图书馆·11@c20150706 |
| 905 | @aZUCC@dG849@et25 | |
| 毽球·马术/张炜,李晓玲编著.-银川:宁夏人民出版社,2011 |
| 452页:照片,图;21cm .-(全国少数民族传统体育运动会竞赛项目教学训练丛书/马汉文主编 ) |
| 宁夏大学优秀学术著作出版基金资助 宁夏大学“211工程”建设项目资助 |
| ISBN 978-7-227-04801-5:CNY32.00 |
| 本书分为毽球和马术两部分,介绍了毽球运动发展概述、毽球运动基本技术、网毽运动技术、花毽运动技术、马术运动概述、民族体育运动会中的马术运动等内容。 |
| ● |
| 相关链接 |
|
|
|
|
正题名:毽球·马术
索取号:G849/t25
 
预约/预借
| 序号 | 登录号 | 条形码 | 馆藏地/架位号 | 状态 | 备注 |
| 1 | 6940291 | 269402915 | 密集书库-体育系/ [索取号:G849/t25] | 在馆 |